Movies Quiz

Random Movies or Box Office Quiz

Top Box Office Movies: Slasher (Horror) Quiz Stats

Quiz not verified by Sporcle

Challenge
Share
Tweet
Embed
Score 0/70 Timer 10:00
0 Plays Today
Year Movies % Correct
1996Scream
91.3%
2007Halloween
90.9%
1978Halloween
90.9%
1984A Nightmare on Elm Street
88.5%
2010A Nightmare on Elm Street
88.5%
1980Friday the 13th
88%
2009Friday the 13th
88%
1997Scream 2
85.4%
2000Scream 3
84.5%
2004Saw
83.8%
2005Saw II
79.7%
2009Halloween II
79.2%
2006Saw III
79%
2009Halloween II
78.9%
2007Saw IV
78.5%
2011Scream 4
77.9%
2008Saw V
77.9%
2009Saw VI
76.6%
1974The Texas Chainsaw Massacre
75%
2003The Texas Chainsaw Massacre
75%
2010Saw: The Final Chapter
72.3%
1985A Nightmare on Elm Street 2: Freddy's Revenge
71.4%
1987A Nightmare on Elm Street 3: The Dream Warriors
71%
1988Halloween 4: The Return of Michael Myers
71%
2003Freddy vs Jason
69.6%
1988A Nightmare on Elm Street 4: The Dream Master
69.2%
1998Halloween H20: Twenty Years Later
68.6%
1991Freddy's Dead: The Final Nightmare
67.6%
1989A Nightmare on Elm Steet 5: Thr Dream Child
67.4%
1997I Know What You Did Last Summer
67.1%
1981Friday the 13th Part II
65.3%
1994Wes Craven's New Nightmare
64.7%
1960Psycho
64.4%
1995Halloween: The Curse of Michael Myers
64.1%
1982Friday the 13th: Part 3
60.8%
Year Movies % Correct
1988Child's Play
60.5%
1998Psycho
60.4%
1986Friday the 13th Part VI: Jason Lives
59.7%
1985Friday the 13th Part V: A New Beginning
59.1%
1988Friday the 13th Part VII: The New Blood
58%
1998I Still Know What You Did Last Summer
57.8%
1993Jason Goes to Hell: The Final Friday
57.8%
2002Halloween: Resurrection
53.9%
1990Child's Play 2
53.6%
1998Bride of Chucky
52.9%
2006Hostel
52.1%
2006The Texas Chainsaw Massacre: The Beginning
51.4%
2004Seed of Chucky
48.5%
2007Hostel Part II
47.4%
2006The Hills Have Eyes
45.1%
2006Black Christmas
41.1%
2009My Bloody Valentine
40.3%
2008Prom Night
40.2%
1983Psycho II
39.6%
1992Candyman
35%
2005House of Wax
34.2%
1998Urban Legend
33.9%
2007The Hills Have Eyes 2
32.8%
2008The Strangers
30.8%
2006When a Stranger Calls
28.7%
1979When a Stranger Calls
27.4%
2003Wrong Turn
26.3%
2000Urban Legends: The Final Cut
25.8%
2005The Devil's Rejects
23.3%
2001Valentine
22.1%
2007The Hitcher
18.3%
2005Wolf Creek
15.9%
2006See No Evil
13.4%
2007Vacancy
13.2%
1989Shocker
11.4%

You're not logged in!

Compare scores with friends on all Sporcle quizzes.
Sign Up with Email
OR
Log In

You Might Also Like...

Show Comments

Extras

Top Quizzes Today


Score Distribution

Your Account Isn't Verified!

In order to create a playlist on Sporcle, you need to verify the email address you used during registration. Go to your Sporcle Settings to finish the process.